Theory of money (Record no. 349864)

000 -LEADER
fixed length control field 00373cam a22001457a 4500
008 - FIXED-LENGTH DATA ELEMENTS--GENERAL INFORMATION
fixed length control field 180718b1978 xxu||||| |||| 00| 0 eng d
082 ## - DEWEY DECIMAL CLASSIFICATION NUMBER
Classification number T41 N461/78
100 ## - MAIN ENTRY--PERSONAL NAME
Personal name Newlyn, W.T.
245 ## - TITLE STATEMENT
Title Theory of money
Statement of responsibility, etc. by W.T. Newlyn and R.P. Bootle
250 ## - EDITION STATEMENT
Edition statement 3rd ed.
260 ## - PUBLICATION, DISTRIBUTION, ETC.
Place of publication, distribution, etc. Oxford
Name of publisher, distributor, etc. Clarendon Press
Date of publication, distribution, etc. 1978
300 ## - PHYSICAL DESCRIPTION
Extent 204p.
650 ## - SUBJECT ADDED ENTRY--TOPICAL TERM
Topical term or geographic name entry element Money
700 ## - ADDED ENTRY--PERSONAL NAME
Personal name Bootle, R.P.
Holdings
Withdrawn status Lost status Damaged status Not for loan Permanent Location Current Location Date acquired Full call number Barcode Date last seen Price effective from Koha item type
        Indian Institute of Public Administration Indian Institute of Public Administration 2010-02-15 T41 N461/78 58423 2018-07-21 2018-07-21 Book
        Indian Institute of Public Administration Indian Institute of Public Administration 2010-02-15 T41 N461/78 58422 2018-07-21 2018-07-21 Book
        Indian Institute of Public Administration Indian Institute of Public Administration 1993-11-02 T41 N461/78 58421 2018-07-21 2018-07-21 Book
        Indian Institute of Public Administration Indian Institute of Public Administration 2010-02-15 T41 N461 31820 2018-07-21 2018-07-21 Book
        Indian Institute of Public Administration Indian Institute of Public Administration 2010-02-15 T41 N461 30802 2018-07-21 2018-07-21 Book

Powered by Koha